00535nam a2200157Ia 4500020001800000082002300018100001800041245006500059260003500124300001000159504003300169650004000202650004700242650004500289650004300334 a81-220-0360-5 a323.64095493 VED-; aVedavalli, L. 0aSocio-economic profile of Sri Lankan repatriates in Kotagiri aDelhibKonark Publishersc1994 a204p. aIncludes index, bibliography aRepatriation - Kotagiri (Sri Lanka) aKotagiri (Sri Lanka) - Economic conditions aKotagiri (Sri Lanka) - Social conditions aSri Lanka - Emigration and immigration